90s Sitcoms by Picture - Statistics

General Stats
  • This quiz has been taken 772 times
  • The average score is 15 of 30
Answer Stats
Picture Answer % Correct
Friends
98%
The Fresh Prince of Bel Air
90%
Mr. Bean
86%
Everybody Loves Raymond
76%
Frasier
75%
That '70s Show
70%
Home Improvement
69%
Boy Meets World
68%
King of the Hill
68%
The King of Queens
65%
The Nanny
62%
Sabrina, The Teenage Witch
60%
Will and Grace
60%
Dinosaurs
53%
The Drew Carey Show
51%
3rd Rock from the Sun
50%
Ellen
47%
Dharma and Greg
46%
Freaks and Geeks
43%
Martin
38%
Mad About You
36%
Spin City
35%
Wings
26%
Father Ted
25%
Just Shoot Me!
22%
NewsRadio
22%
The Larry Sanders Show
19%
Bottom
16%
Men Behaving Badly
15%
Sports Night
8%
No matching quizzes found
Score Distribution
Percent of People with Each Score
Percentile by Number Answered
Your Score History
You have not taken this quiz